00253nam a2200085Ia 4500008004100000082001600041245006100057260003400118300001500152230907s9999||||xx |||||||||||||| ||und|| a620.115,NAN 0aNanofabrication and its application in renewable energy/ aRoyal SocietybNew Yorkc2014 axiv,225p.: